书目信息 |
| 题名: |
基于攻击意图的网络安全态势感知研究
|
|
| 作者: | 赵冬梅 著 | |
| 分册: | ||
| 出版信息: | 北京 科学出版社 2021.2 |
|
| 页数: | 115页 | |
| 开本: | 24cm | |
| 丛书名: | ||
| 单 册: | ||
| 中图分类: | TN915.08 | |
| 科图分类: | ||
| 主题词: | 网络安全--研究 | |
| 电子资源: | ||
| ISBN: | 978-7-03-067447-0 | |
| 000 | 00974nam0 2200229 45 | |
| 001 | 012001002138 | |
| 005 | 20140913130227.0 | |
| 010 | @a978-7-03-067447-0@dCNY78.00 | |
| 100 | @a20210312d2021 em y0chiy50 ea | |
| 101 | 0 | @achi |
| 102 | @aCN@b110000 | |
| 105 | @ay z 000yy | |
| 106 | @ar | |
| 200 | 1 | @a基于攻击意图的网络安全态势感知研究@Aji yu gong ji yi tu de wang luo an quan tai shi gan zhi yan jiu@b专著@f赵冬梅著 |
| 210 | @a北京@c科学出版社@d2021.2 | |
| 215 | @a115页@d24cm | |
| 330 | @a本书基于攻击指向性及大数据的4V特性建立攻击意图的定量模型,利用决策粗糙集等计算方法,实现从大数据中提取攻击意图;通过构建粒子群小波神经网络实现对态势值的计算;通过构成基于改进的LSTM神经网络的网络安全态势感知框架,实现细时间粒度的、高效的网络安全态势感知;构建模糊-隐马尔可夫模型,对未来攻击意图进行预测。 | |
| 606 | 0 | @a网络安全@x研究 |
| 690 | @aTN915.08@v5 | |
| 701 | 0 | @a赵冬梅@Azhao dong mei@4著 |
| 801 | 0 | @aCN@bBJSDL@c20211011 |
| 905 | @b1338582-5@dTN915.08@e252@f4 | |
| 基于攻击意图的网络安全态势感知研究/赵冬梅著.-北京:科学出版社,2021.2 |
| 115页;24cm |
| ISBN 978-7-03-067447-0:CNY78.00 |
| 本书基于攻击指向性及大数据的4V特性建立攻击意图的定量模型,利用决策粗糙集等计算方法,实现从大数据中提取攻击意图;通过构建粒子群小波神经网络实现对态势值的计算;通过构成基于改进的LSTM神经网络的网络安全态势感知框架,实现细时间粒度的、高效的网络安全态势感知;构建模糊-隐马尔可夫模型,对未来攻击意图进行预测。 |
| ● |
| 相关链接 |
|
|
|
|
正题名:基于攻击意图的网络安全态势感知研究
索取号:TN915.08/252
 
预约/预借
| 序号 | 登录号 | 条形码 | 馆藏地/架位号 | 状态 | 备注 |
| 1 | 1338582 | 213385825 | 第二样本阅览室/ [索取号:TN915.08/252] | 在馆 | |
| 2 | 1338583 | 213385834 | 第三借阅区/ [索取号:TN915.08/252] | 在馆 | |
| 3 | 1338584 | 213385843 | 第三借阅区/ [索取号:TN915.08/252] | 在馆 | |
| 4 | 1338585 | 213385852 | 第三借阅区/ [索取号:TN915.08/252] | 在馆 |